| 000 | 00840nam a22002417a 4500 | ||
|---|---|---|---|
| 005 | 20180601081955.0 | ||
| 008 | 130821s2010 xxua gr eng | ||
| 020 | _a321618696 | ||
| 020 | _a9780321618696 | ||
| 040 |
_aCo-BoUCM _bspa _c[Nuevo] _d[Nuevo] |
||
| 041 | 0 | 0 | _aeng |
| 060 | 0 | 0 | _aQH 430 |
| 100 | 1 |
_aKlug, William S. _992738 |
|
| 245 | 1 | 0 |
_aEssentials of genetics _cWilliam S. Klug, Michael R. Cummings, Charlotte A. Spencer, Michael A. Palladino |
| 250 | _a6th ed. | ||
| 260 |
_aUpper Saddle River (Nueva Jersey, Estados Unidos) _bPrentice Hall _c2010 |
||
| 300 |
_axv, 557 páginas _bilustraciones, color |
||
| 650 | 0 | 4 |
_aGenética _9207 |
| 700 | 1 |
_aCummings, Michael R. _992740 |
|
| 700 | 1 |
_aPalladino. Michael A. _992745 |
|
| 700 | 1 |
_aSpencer, Charlotte A. _992746 |
|
| 942 |
_cLIBRORESER _a15 _e6 _mK576 _2NLM _hQH 430 _n0 |
||
| 999 |
_c68400 _d68400 |
||